Quiet crisis in India ; economic development and American policy.

Bibliographic Details
Main Author: Lewis, John P. (John Prior), 1921-2010
Format: Book
Language:English
Published: Washington : Brookings Institution, [1962]
Subjects:

MARC

Tag First Indicator Second Indicator Subfields
LEADER 00000cam a2200000 4500
001 in00000064438
005 20151008051812.0
008 720125s1962 dcu b 00000 eng u
010 |a  62022074  
035 |a (OCoLC)00228182 
035 |9 AAH0068AM 
040 |c WSU  |d TXA  |d UtOrBLW 
049 |a TXAM  |c [360256] 
050 0 |a HC435  |b .L45 
092 |a 338.954  |b L674q 
100 1 |a Lewis, John P.  |q (John Prior),  |d 1921-2010. 
245 1 0 |a Quiet crisis in India ;  |b economic development and American policy. 
264 1 |a Washington :  |b Brookings Institution,  |c [1962] 
300 |a 350 pages ;  |c 24 cm. 
336 |a text  |b txt  |2 rdacontent 
337 |a unmediated  |b n  |2 rdamedia 
338 |a volume  |b nc  |2 rdacarrier 
504 |a Includes bibliography. 
650 0 |a Economic assistance, American  |z India. 
651 0 |a India  |x Economic policy. 
999 |a MARS 
999 f f |s dbe77854-1472-302c-a707-db5929e15c84  |i 12ee4756-947a-3250-b2a0-239aa67b91eb  |t 0 
952 f f |p ric  |a Texas A&M University  |b Rellis Campus  |c Joint Library Facility  |d Remote Storage  |t 0  |e HC435 .L45  |h Library of Congress classification  |i unmediated -- volume  |m A14800775157 
998 f f |a HC435 .L45  |t 0  |l Remote Storage